| 000 | 00501nam a2200181Ia 4500 | ||
|---|---|---|---|
| 008 | 230917s9999||||xx |||||||||||||| ||und|| | ||
| 020 | _cRS849 | ||
| 040 |
_e231703 _aMAIN |
||
| 041 | _aEnglish | ||
| 082 | _a658.8 A13I(7) | ||
| 100 | _aAlbaum, Gerald | ||
| 245 | 0 | _aInternational marketing and export management | |
| 250 | _a7th ed. | ||
| 260 |
_aNew Delhi _bPearson India Education _c2015 |
||
| 300 | _axxxi, 990 p. | ||
| 500 | _a2271 02/02/2016 HBD15/1715 01/03/2016 Main Budget | ||
| 942 | _cBK | ||
| 999 |
_c18034 _d18034 |
||